Asesoramiento y orientación (Record no. 207534)

MARC details
000 -CABECERA
campo de control de longitud fija 00951nam a2200289 u 4500
005 - FECHA Y HORA DE LA ÚLTIMA TRANSACCIÓN
campo de control 20230516140453.0
008 - ELEMENTOS DE LONGITUD FIJA--INFORMACIÓN GENERAL
campo de control de longitud fija 200210s1968 ag r 000 0 spa d
035 ## - NÚMERO DE CONTROL DEL SISTEMA
Número de control de sistema UPN01000235439
040 ## - FUENTE DE LA CATALOGACIÓN
Centro catalogador/agencia de origen MX-MxUPN
Lengua de catalogación spa
Centro/agencia transcriptor MX-MxUPN
041 1# - CÓDIGO DE IDIOMA
Código de lengua del texto/banda sonora o título independiente spa
Código de lengua original eng
050 #4 - SIGNATURA TOPOGRÁFICA DE LA BIBLIOTECA DEL CONGRESO
Número de clasificación LB1027.5
Número de documento/Ítem M67 1968
100 1# - ASIENTO PRINCIPAL--NOMBRE PERSONAL
Nombre de persona Moser, Leslie E.,
Fechas asociadas al nombre 1918-
9 (RLIN) 48921
100 1# - ASIENTO PRINCIPAL--NOMBRE PERSONAL
Nombre de persona Moser, Ruth Small
9 (RLIN) 48806
240 10 - TÍTULO UNIFORME
Título uniforme Counseling and guidance: an exploration.
Lenguaje de la obra Español
245 10 - MENCIÓN DE TÍTULO
Título Asesoramiento y orientación
250 ## - MENCIÓN DE EDICIÓN
Mención de edición 1a edición
260 ## - PUBLICACIÓN, DISTRIBUCIÓN, ETC.
Lugar de publicación, distribución, etc. Buenos Aires, Argentina :
Nombre del editor, distribuidor, etc. Paidós,
Fecha de publicación, distribución, etc. 1968.
300 ## - DESCRIPCIÓN FÍSICA
Extensión 529 páginas
490 ## - MENCIÓN DE SERIE
Mención de serie Biblioteca del educador contemporáneo. Serie mayor
Designación de volumen o secuencia Volumen 5
500 ## - NOTA GENERAL
Nota general Traducción de: Counseling and guidance: an exploration.
650 #4 - ASIENTO SECUNDARIO DE MATERIA - TERMINO TEMATICO
9 (RLIN) 4097
Término de materia o nombre geográfico como elemento de entrada Orientación educativa
700 1# - ASIENTO SECUNDARIO--NOMBRE DE PERSONAL
9 (RLIN) 47202
Nombre de persona Leal, Aníbal
Término indicativo de función/relación traducción
902 ## - ELEMENTOS DE DATOS B LOCAL, LDB (RLIN)
Modificó NoemiAcosta/080523
905 ## - TIPO DE MATERIAL
Tipo de material Libro
942 ## - ELEMENTOS DE PUNTO DE ACCESO ADICIONAL (KOHA)
Suprimir en OPAC No
Fuente del sistema de clasificación o colocación Library of Congress Classification
Tipo de ítem Koha Libro
Holdings
Estado de retiro Estado de pérdida Fuente del sistema de clasificación o colocación Estado dañado No para préstamo Código de colección Localización permanente Ubicación/localización actual Ubicación en estantería Fecha de adquisición Clasificación Código de barras Fecha visto por última vez Tipo de ítem Koha
    Library of Congress Classification     Colección General Bib. Gregorio Torres Quintero Bib. Gregorio Torres Quintero Planta baja 08/05/2023 LB1027.5 M67 1968 334004 31/12/2020 Libro